000 00639nam a22002297a 4500
003 UA-OsUOA
001 65927
007 ta
008 20091214b un ||||| |||| 00| 0 ukr d
100 _aГрищекнко Т.
700 _aКурищук В.
090 _a330
_bГ85
942 _cSA
040 _aUA-OsUOA
_bukr
_cUA-OsUOA
_dUA-OsUOA
245 _aОсобливості банківського кредитування експорту в зарубіжних країнах
300 _aС.51-63
955 _a0
041 _aukr
080 _a330
773 0 _w65923
650 7 _a330 Економіка взагалі
_2UDC
999 _c351558
_d351558